[Event "11th LCC FIDE Open 2019"]
[Site "London"]
[Date "2019.12.01"]
[Round "4.17"]
[White "Abrahams, Daniel"]
[Black "Vaishali R"]
[Result "0-1"]
[WhiteElo "2185"]
[BlackElo "2376"]
[Annotator "ChessBase"]
[PlyCount "114"]
[EventDate "2019.11.29"]
[EventType "swiss"]
[EventCountry "ENG"]
[SourceTitle "playchess.com"]
[Source "ChessBase"]
[SourceQuality "1"]
[TimeControl "40/5400+30:1800+30"]

1. c4 {[%emt 1:03:07]} b6 {[%emt 0:03:41]} 2. Nf3 {[%emt 0:03:00]} Bb7 {[%emt 0:00:10]} 3. e3 {[%emt 0:00:05]} Nf6 {[%emt 0:00:55]} 4. b3 {[%emt 0:00:00]} g6 {[%emt 0:01:20]} 5. Bb2 {[%emt 0:00:00]} Bg7 {[%emt 0:00:05]} 6. Be2 {[%emt 0:00:00]} c5 {[%emt 0:00:25]} 7. O-O {[%emt 0:00:00]} O-O {[%emt 0:00:11]} 8. Qc2 {[%emt 0:00:00]} Nc6 {[%emt 0:01:11]} 9. a3 {[%emt 0:00:00]} d5 {[%emt 0:02:04]} 10. cxd5 {[%emt 0:00:00]} Qxd5 {[%emt 0:00:09]} 11. d3 {[%emt 0:00:00]} Rac8 {[%emt 0:04:33]} 12. Nbd2 {[%emt 0:00:00]} Rfd8 {[%emt 0:01:29]} 13. Rac1 {[%emt 0:00:00]} Ba6 {[%emt 0:14:59]} 14. Nc4 {[%emt 0:00:00]} b5 {[%emt 0:01:15]} 15. Ncd2 {[%emt 0:00:00]} Nb8 {[%emt 0:01:45]} 16. Rfe1 {[%emt 0:00:00]} Bb7 {[%emt 0:02:06]} 17. Qb1 {[%emt 0:00:00]} a6 {[%emt 0:01:41]} 18. d4 {[%emt 0:00:00]} Nbd7 {[%emt 0:03:57]} 19. Bf1 {[%emt 0:00:00]} Ne4 {[%emt 0:07:24]} 20. Nxe4 {[%emt 0:00:00]} Qxe4 {[%emt 0:00:03]} 21. dxc5 {[%emt 0:00:00]} Qxb1 {[%emt 0:07:58]} 22. Rxb1 {[%emt 0:00:00]} Nxc5 {[%emt 0:01:10]} 23. Bxg7 {[%emt 0:00:00]} Kxg7 {[%emt 0:00:04]} 24. b4 {[%emt 0:00:00]} Na4 {[%emt 0:08:44]} 25. Rbc1 {[%emt 0:00:00]} Nc3 {[%emt 0:04:02]} 26. Ne5 {[%emt 0:00:00]} Na2 {[%emt 0:08:59]} 27. Rxc8 {[%emt 0:00:00]} Rxc8 {[%emt 0:00:12]} 28. Ra1 {[%emt 0:00:00]} Nc1 {[%emt 0:07:31]} 29. Nd3 {[%emt 0:10:58]} Nb3 {[%emt 0:01:04]} 30. Rb1 {[%emt 0:00:28]} Rc3 {[%emt 0:01:51]} 31. Rxb3 {[%emt 0:02:46]} Rxb3 {[%emt 0:00:05]} 32. Nc5 {[%emt 0:00:05]} Rxa3 {[%emt 0:01:54]} 33. Nxb7 {[%emt 0:00:06]} Rb3 {[%emt 0:00:35]} 34. Nc5 {[%emt 0:00:13]} Rxb4 {[%emt 0:00:42]} 35. Nxa6 {[%emt 0:00:09]} Rb1 {[%emt 0:00:10]} 36. g4 {[%emt 0:03:18]} b4 {[%emt 0:00:38]} 37. Nxb4 {[%emt 0:00:13]} Rxb4 {[%emt 0:00:02]} 38. h3 {[%emt 0:00:18]} Kf6 {[%emt 0:01:08]} 39. Kg2 {[%emt 0:00:06]} g5 {[%emt 0:01:32]} 40. Kg3 {[%emt 0:00:11]} Ke5 {[%emt 0:00:09]} 41. Bd3 {[%emt 0:30:16]} h6 {[%emt 0:30:10]} 42. h4 {[%emt 0:00:31]} e6 {[%emt 0:02:21]} 43. hxg5 {[%emt 0:00:34]} hxg5 {[%emt 0:00:02]} 44. Bc2 {[%emt 0:02:47]} Rc4 {[%emt 0:02:23]} 45. Bd3 {[%emt 0:00:08]} Rc3 {[%emt 0:00:07]} 46. Bb1 {[%emt 0:00:34]} Kd5 {[%emt 0:03:30]} 47. Bh7 {[%emt 0:00:16]} Rc1 {[%emt 0:01:12]} 48. Kf3 {[%emt 0:00:17]} Rh1 {[%emt 0:01:59]} 49. Bd3 {[%emt 0:01:12]} Rg1 {[%emt 0:01:34]} 50. Bh7 {[%emt 0:00:20]} Ra1 {[%emt 0:00:31]} 51. Bg8 {[%emt 0:00:51]} Ra8 {[%emt 0:01:45]} 52. Bh7 {[%emt 0:00:09]} Kc4 {[%emt 0:00:23]} 53. Ke2 {[%emt 0:01:07]} Kc3 {[%emt 0:00:48]} 54. f4 {[%emt 0:00:21]} f6 {[%emt 0:00:00]} 55. fxg5 {[%emt 0:00:00]} fxg5 {[%emt 0:00:00]} 56. Kf3 {[%emt 0:00:00]} Kd2 {[%emt 0:00:00]} 57. Ke4 {[%emt 0:00:00]} Ra4+ {[%emt 0:00:00]} 0-1

[Event "11th LCC FIDE Open 2019"]
[Site "London"]
[Date "2019.12.01"]
[Round "4.18"]
[White "Taylor, Adam C"]
[Black "Walker, Martin G"]
[Result "1/2-1/2"]
[WhiteElo "2371"]
[BlackElo "2162"]
[Annotator "TA"]
[PlyCount "118"]
[EventDate "2019.11.29"]
[EventType "swiss"]
[EventCountry "ENG"]
[SourceTitle "playchess.com"]
[Source "ChessBase"]
[SourceQuality "1"]

{[%evp 12,118,54,54,74,36,37,34,47,28,33,45,38,27,29,38,114,101,105,102,108,109,104,57,114,70,54,28,31,39,52,51,35,44,15,14,115,119,125,116,112,114,111,111,118,118,119,119,118,91,88,86,89,88,116,87,86,98,94,66,66,66,66,66,66,66,66,59,83,66,91,82,78,75,83,66,77,66,66,66,66,66,66,66,66,66,66,66,66,66,66,66,66,59,59,59,59,59,59,8,8,-8,-8,-8,-8,-8,-8,-8,0]} 1. Nf3 d5 2. c4 Nf6 3. cxd5 Nxd5 4. d4 g6 5. e4 Nb6 6. h3 Bg7 7. Nc3 O-O {D70: Grünfeld: Unusual White 3rd moves (met by ...d5)} 8. a4 (8. Be3 Nc6 9. Bb5 f5 10. Qb3+ Kh8 11. Rd1 Na5 12. Qb4 a6 13. Qxa5 axb5 14. Qxb5 fxe4 15. Ng5 c6 16. Qb3 {1-0 (38) Le,Q (2739)-Maghsoodloo,P (2569) Ashkhabad 2017}) 8... a5 9. Be2 Nc6 {[%cal Rc6d4] White is slightly better.} 10. Nb5 e5 {[%cal Rc6d4]} 11. Bg5 $146 ({Predecessor:} 11. dxe5 Qe7 12. O-O Nxe5 13. Qc2 c6 14. Nbd4 Nxf3+ 15. Nxf3 Re8 16. Bd3 Be6 {0-1 (35) Castro Uceda,J (1668)-Santacruz Molina,I (1885) Madrid 2013}) 11... f6 12. Be3 $36 {[%mdl 2048] Threatens to win with dxe5. White fights for an advantage.} exd4 13. Nfxd4 Qe7 ({Black should play} 13... f5 $14) 14. O-O $16 {[#] Rc1 is the strong threat.} f5 15. exf5 Nxd4 16. Bxd4 Bxf5 17. Re1 {Black must now prevent Bc4+!} Qd7 (17... Qb4 $1 $14 18. Bxg7 Kxg7) 18. Rc1 (18. Bxg7 {seems wilder.} Qxg7 19. Qb3+ Qf7 20. Qg3 Rad8 21. Nxc7 Rd7 22. Nb5) 18... Bxd4 19. Qxd4 (19. Nxd4 {feels hotter.} Rae8 20. Qb3+ Kh8 21. Nxf5 Qxf5 22. Qc3+) 19... Qxd4 20. Nxd4 c6 21. Nxf5 Rxf5 22. Bg4 Rff8 23. Re7 Nxa4 (23... Rab8 $11) 24. Rxb7 {[#] Hoping for Rc4.} Rab8 25. Rxb8 Rxb8 {[%mdl 4096] Endgame KRB-KRN} 26. b3 Nb2 27. Rxc6 a4 28. bxa4 Nxa4 29. h4 Rb7 30. h5 Kg7 31. Bf3 Rb6 32. Rc4 Ra6 33. Be2 Re6 34. Bg4 Ra6 35. Bc8 Ra7 36. Rc6 Nb2 37. hxg6 hxg6 38. Ba6 Rd7 39. Bb5 {aiming for Rxg6+!} Rb7 40. Be2 Na4 41. Kh2 Rb6 42. Rc4 Nb2 43. Re4 Kf6 44. g3 Re6 45. Rf4+ Kg7 46. Bb5 Rf6 47. Rxf6 Kxf6 $14 {KB-KN} 48. Kg2 Nd1 49. Kf3 Nc3 50. Bc6 g5 51. Ke3 Ke5 52. f3 Na2 53. Kd2 Nb4 54. Bb7 Kd4 55. Be4 (55. Bc8 $1 $14) 55... g4 $1 $11 {The position is equal.} 56. fxg4 {Strongly threatening Bh7.} Kxe4 57. g5 Kf5 58. g4+ Kxg5 59. Kc3 Kxg4 {Accuracy: White = 48%, Black = 69%.} 1/2-1/2

[Event "11th LCC FIDE Open 2019"]
[Site "London"]
[Date "2019.12.01"]
[Round "4.19"]
[White "Ogunshola, Olugbemiga (Ben)"]
[Black "Beinoras, Mindaugas"]
[Result "0-1"]
[WhiteElo "2169"]
[BlackElo "2350"]
[Annotator "ChessBase"]
[PlyCount "65"]
[EventDate "2019.11.29"]
[EventType "swiss"]
[EventCountry "ENG"]
[SourceTitle "playchess.com"]
[Source "ChessBase"]
[SourceQuality "1"]
[TimeControl "40/5400+30:1800+30"]

1. c4 {[%emt 0:00:00]} c6 {[%emt 0:00:00]} 2. Nf3 {[%emt 0:00:48]} d5 {[%emt 0:00:16]} 3. b3 {[%emt 0:00:43]} Bf5 {[%emt 0:00:52]} 4. g3 {[%emt 0:01:13]} Nf6 {[%emt 0:03:19]} 5. Bg2 {[%emt 0:00:24]} e6 {[%emt 0:00:26]} 6. O-O {[%emt 0:00:12]} h6 {[%emt 0:00:09]} 7. Bb2 {[%emt 0:02:00]} Nbd7 {[%emt 0:00:18]} 8. d3 {[%emt 0:02:46]} Bc5 {[%emt 0:00:23]} 9. Nbd2 {[%emt 0:03:55]} O-O {[%emt 0:05:20]} 10. Qe1 {[%emt 0:09:01]} Bh7 {[%emt 0:02:03]} 11. e4 {[%emt 0:03:10]} a5 {[%emt 0:25:22]} 12. a3 {[%emt 0:14:12]} Be7 {[%emt 0:05:00]} 13. Qe2 {[%emt 0:08:48]} Nc5 {[%emt 0:09:17]} 14. Ne5 {[%emt 0:02:02]} dxe4 {[%emt 0:08:08]} 15. dxe4 {[%emt 0:01:41]} Qd6 {[%emt 0:04:23]} 16. Rfd1 {[%emt 0:02:50]} Rfd8 {[%emt 0:00:43]} 17. Rac1 {[%emt 0:05:27]} Qc7 {[%emt 0:01:03]} 18. h3 {[%emt 0:04:07]} Rxd2 {[%emt 0:02:29]} 19. Qxd2 {[%emt 0:15:33]} Nxb3 {[%emt 0:00:13]} 20. Qe3 {[%emt 0:03:01]} Nxc1 {[%emt 0:00:17]} 21. Rxc1 {[%emt 0:00:04]} Rd8 {[%emt 0:07:59]} 22. c5 {[%emt 0:04:28]} Nd7 {[%emt 0:00:37]} 23. Ng4 {[%emt 0:08:31]} e5 {[%emt 0:07:15]} 24. Bf1 {[%emt 0:01:24]} h5 {[%emt 0:04:39]} 25. Nh2 {[%emt 0:00:49]} Nf6 {[%emt 0:01:29]} 26. f3 {[%emt 0:00:06]} Nd7 {[%emt 0:01:03]} 27. Kg2 {[%emt 0:00:49]} Nxc5 {[%emt 0:00:44]} 28. Bc4 {[%emt 0:02:47]} Qd6 {[%emt 0:01:32]} 29. Nf1 {[%emt 0:00:13]} Nd3 {[%emt 0:01:00]} 30. Rd1 {[%emt 0:03:00]} Nf4+ {[%emt 0:00:41]} 31. gxf4 {[%emt 0:00:09]} Qg6+ {[%emt 0:01:02]} 32. Ng3 {[%emt 0:00:00]} Rxd1 {[%emt 0:00:00]} 33. Bxe5 {[%emt 0:00:00]} 0-1

[Event "11th LCC FIDE Open 2019"]
[Site "London"]
[Date "2019.12.01"]
[Round "4.20"]
[White "Bates, Richard A"]
[Black "Tanmay Chopra"]
[Result "1-0"]
[WhiteElo "2342"]
[BlackElo "2082"]
[Annotator "ChessBase"]
[PlyCount "55"]
[EventDate "2019.11.29"]
[EventType "swiss"]
[EventCountry "ENG"]
[SourceTitle "playchess.com"]
[Source "ChessBase"]
[SourceQuality "1"]
[TimeControl "40/5400+30:1800+30"]

1. d4 {[%emt 0:00:00]} Nf6 {[%emt 0:08:20]} 2. Nf3 {[%emt 0:00:49]} d5 {[%emt 0:00:23]} 3. c4 {[%emt 0:00:14]} e6 {[%emt 0:00:07]} 4. g3 {[%emt 0:01:31]} dxc4 {[%emt 0:00:09]} 5. Bg2 {[%emt 0:00:07]} c6 {[%emt 0:00:06]} 6. O-O {[%emt 0:04:54]} b5 {[%emt 0:00:05]} 7. Nc3 {[%emt 0:01:20]} Nbd7 {[%emt 0:00:20]} 8. Qc2 {[%emt 0:06:41]} Bb7 {[%emt 0:04:20]} 9. e4 {[%emt 0:04:46]} Qc8 {[%emt 0:07:22]} 10. b3 {[%emt 0:04:14]} b4 {[%emt 0:01:48]} 11. Na4 {[%emt 0:02:52]} c3 {[%emt 0:03:08]} 12. a3 {[%emt 0:01:00]} a5 {[%emt 0:08:15]} 13. axb4 {[%emt 0:03:51]} axb4 {[%emt 0:00:05]} 14. Bf4 {[%emt 0:03:41]} Ba6 {[%emt 0:16:57]} 15. Rfe1 {[%emt 0:03:09]} Bb5 {[%emt 0:08:37]} 16. d5 {[%emt 0:08:52]} Bxa4 {[%emt 0:03:02]} 17. bxa4 {[%emt 0:06:55]} cxd5 {[%emt 0:01:21]} 18. exd5 {[%emt 0:09:25]} Nxd5 {[%emt 0:00:02]} 19. Nd4 {[%emt 0:02:27]} Nxf4 {[%emt 0:05:09]} 20. gxf4 {[%emt 0:08:54]} Bc5 {[%emt 0:07:10]} 21. Nxe6 {[%emt 0:03:29]} fxe6 {[%emt 0:00:38]} 22. Rxe6+ {[%emt 0:00:21]} Kd8 {[%emt 0:01:37]} 23. Rc6 {[%emt 0:02:38]} Qb8 {[%emt 0:00:01]} 24. Rd1 {[%emt 0:00:36]} Qa7 {[%emt 0:01:33]} 25. Bh3 {[%emt 0:03:52]} Bxf2+ {[%emt 0:03:31]} 26. Kf1 {[%emt 0:01:34]} Bd4 {[%emt 0:02:07]} 27. Rd6 {[%emt 0:00:06]} Rb8 {[%emt 0:06:36]} 28. R1xd4 {[%emt 0:01:26]} 1-0

[Event "11th LCC FIDE Open 2019"]
[Site "London"]
[Date "2019.12.01"]
[Round "4.21"]
[White "Goh, Zi Han"]
[Black "Zujev, Oleg"]
[Result "1-0"]
[WhiteElo "2134"]
[BlackElo "2316"]
[Annotator "TA"]
[PlyCount "123"]
[EventDate "2019.11.29"]
[EventType "swiss"]
[EventCountry "ENG"]
[SourceTitle "playchess.com"]
[Source "ChessBase"]
[SourceQuality "1"]

{[%evp 15,123,56,57,66,56,44,88,87,89,57,73,50,51,45,103,83,97,65,202,149,134,102,95,95,85,71,110,95,113,109,141,148,154,108,123,21,20,22,76,76,76,57,96,85,78,53,82,47,84,78,68,49,71,62,67,62,64,61,62,18,63,39,51,52,171,180,203,137,182,171,152,43,43,0,58,0,0,0,0,0,9,0,36,0,0,0,0,-25,-20,-27,0,0,17,17,17,26,59,71,166,156,162,175,168,122,359,345,306,299,29978,29977]} 1. d4 Nf6 2. c4 d6 3. Nc3 Nbd7 4. e4 e5 5. Nf3 c6 6. Be2 Be7 7. O-O O-O 8. Be3 Ng4 9. Bd2 {A55: Old Indian Defence with Nf3 and e4} a6 10. d5 g6 $146 ({Predecessor:} 10... Ngf6 11. b4 Qe8 12. Ne1 Bd8 13. Be3 cxd5 14. cxd5 Bb6 15. Nc2 Bxe3 16. Nxe3 Nb6 {½-½ (44) Andreikin,D (2636)-Nyback,T (2628) Khanty-Mansiysk 2009}) 11. Ne1 {White is better.} Ngf6 12. Nd3 Ne8 13. Be3 Bg5 14. Qd2 h6 (14... Bxe3 $14 15. Qxe3 Nb6) 15. dxc6 $16 bxc6 16. c5 f5 (16... dxc5 $14 17. Nxc5 Qe7) 17. Bxg5 Qxg5 18. Qxg5 hxg5 19. cxd6 Nxd6 20. Rfd1 Rf6 21. Rac1 Rb8 22. b3 Kf8 23. f3 a5 24. Nb2 Ke7 25. Nc4 (25. Nca4 $16) 25... Nxc4 $11 26. Bxc4 ({Don't play} 26. bxc4 Rb2 $15) 26... Rd6 (26... Nb6 $1 $11 {keeps the balance.}) 27. Rxd6 $16 Kxd6 28. Na4 Nf8 29. Rd1+ Ke7 30. Nc5 Ra8 31. Kf2 Ra7 32. Nd3 Nd7 33. Ke3 Bb7 34. Rh1 Ra8 35. Rc1 Rh8 36. h3 $36 {[%mdl 2048] Black is under pressure.} Rh4 37. Rb1 c5 {[%cal Rf5e4]} 38. Nf2 Nf6 {[%cal Rf5e4]} 39. Bd3 f4+ (39... Bc8 $14) 40. Ke2 Rh8 41. Bc4 Bc6 42. Nd3 Nd7 43. Rh1 (43. a4 $1 $16) 43... g4 $14 44. Kf2 g5 ({Black should try} 44... gxf3 $11 45. gxf3 g5) 45. Rg1 (45. fxg4 $14 Rh6 46. Kf3) 45... gxh3 $11 46. gxh3 Kf6 47. Kg2 Rb8 48. Rc1 Ke7 49. Kf2 a4 50. bxa4 Bxa4 51. Bd5 Kd6 52. Rg1 Bc2 (52... Bb5 $5 {[%cal Rb5d3]} 53. Nc1 Rh8 $15) 53. Ke2 Nb6 54. Rxg5 {aiming for Rg6+.} Nxd5 55. Rg6+ ({Of course not} 55. exd5 Bxd3+ 56. Kxd3 Kxd5 $17) 55... Ke7 {And now ...Ne3 would win.} 56. exd5 $14 {[%mdl 4096] Endgame KRB-KRN} Ra8 (56... Bxd3+ $16 57. Kxd3 Rb4) 57. Re6+ $18 Kd8 58. Nxe5 {Strongly threatening d6.} Rxa2 {Hoping for ...Bf5+.} 59. Ke1 {Rf6 is the strong threat.} Bf5 $2 {[#]} (59... Ba4 $16) 60. Rf6 $1 {Threatens to win with d6.} Bxh3 {[#]} 61. d6 $1 {[%cal Rf6f8]} ({Weaker is} 61. Rxf4 Ke7 $16) 61... Ke8 $2 (61... Kc8 $18 62. Rxf4 Kb7) 62. Rh6 {Accuracy: White = 45%, Black = 27%.} 1-0

[Event "11th LCC FIDE Open 2019"]
[Site "London"]
[Date "2019.12.01"]
[Round "4.22"]
[White "Bates, Caspar J"]
[Black "Cox, John J"]
[Result "0-1"]
[WhiteElo "2120"]
[BlackElo "2306"]
[Annotator "ChessBase"]
[PlyCount "90"]
[EventDate "2019.11.29"]
[EventType "swiss"]
[EventCountry "ENG"]
[SourceTitle "playchess.com"]
[Source "ChessBase"]
[SourceQuality "1"]
[TimeControl "40/5400+30:1800+30"]

1. d4 {[%emt 0:00:00]} c5 {[%emt 0:09:59]} 2. d5 {[%emt 0:00:00]} Nf6 {[%emt 0:00:45]} 3. Nc3 {[%emt 0:03:24]} d6 {[%emt 0:03:16]} 4. e4 {[%emt 0:00:54]} g6 {[%emt 0:00:10]} 5. Be2 {[%emt 0:04:47]} Bg7 {[%emt 0:00:06]} 6. Be3 {[%emt 0:02:38]} Na6 {[%emt 0:03:53]} 7. Qd2 {[%emt 0:02:35]} Nc7 {[%emt 0:11:57]} 8. Bh6 {[%emt 0:09:01]} Bxh6 {[%emt 0:06:00]} 9. Qxh6 {[%emt 0:00:02]} e5 {[%emt 0:03:23]} 10. dxe6 {[%emt 0:08:50]} Bxe6 {[%emt 0:01:44]} 11. O-O-O {[%emt 0:06:53]} Qe7 {[%emt 0:00:53]} 12. e5 {[%emt 0:18:07]} dxe5 {[%emt 0:01:24]} 13. Nf3 {[%emt 0:10:35]} Bd7 {[%emt 0:11:11]} 14. Ng5 {[%emt 0:07:14]} O-O-O {[%emt 0:06:39]} 15. Kb1 {[%emt 0:05:19]} Ne6 {[%emt 0:09:20]} 16. Nxe6 {[%emt 0:01:05]} Qxe6 {[%emt 0:02:44]} 17. Qe3 {[%emt 0:00:37]} b6 {[%emt 0:01:53]} 18. Ba6+ {[%emt 0:00:59]} Kb8 {[%emt 0:01:39]} 19. Bc4 {[%emt 0:00:02]} Qe7 {[%emt 0:02:45]} 20. Rhe1 {[%emt 0:04:52]} Bc6 {[%emt 0:06:34]} 21. Rxd8+ {[%emt 0:03:36]} Rxd8 {[%emt 0:00:06]} 22. Qg5 {[%emt 0:00:29]} e4 {[%emt 0:02:29]} 23. f3 {[%emt 0:00:28]} Re8 {[%emt 0:02:06]} 24. fxe4 {[%emt 0:01:38]} Nxe4 {[%emt 0:01:51]} 25. Qf4+ {[%emt 0:02:34]} Qe5 {[%emt 0:00:30]} 26. Qxe5+ {[%emt 0:00:15]} Rxe5 {[%emt 0:00:02]} 27. Nxe4 {[%emt 0:00:58]} Rxe4 {[%emt 0:01:03]} 28. Rxe4 {[%emt 0:00:18]} Bxe4 {[%emt 0:00:02]} 29. Bxf7 {[%emt 0:00:01]} Bxg2 {[%emt 0:00:12]} 30. Kc1 {[%emt 0:00:30]} Kc7 {[%emt 0:01:26]} 31. Kd2 {[%emt 0:00:02]} Kd6 {[%emt 0:00:18]} 32. Ke3 {[%emt 0:00:11]} Bd5 {[%emt 0:01:35]} 33. Bxd5 {[%emt 0:03:01]} Kxd5 {[%emt 0:00:06]} 34. Kf4 {[%emt 0:00:13]} h6 {[%emt 0:00:22]} 35. c3 {[%emt 0:00:02]} Ke6 {[%emt 0:00:24]} 36. Ke4 {[%emt 0:01:29]} g5 {[%emt 0:00:12]} 37. a4 {[%emt 0:00:39]} h5 {[%emt 0:01:29]} 38. c4 {[%emt 0:01:23]} g4 {[%emt 0:00:44]} 39. Kf4 {[%emt 0:00:40]} Kf6 {[%emt 0:00:05]} 40. a5 {[%emt 0:01:01]} bxa5 {[%emt 0:00:27]} 41. b3 {[%emt 0:30:03]} a4 {[%emt 0:30:45]} 42. bxa4 {[%emt 0:00:07]} a5 {[%emt 0:00:04]} 43. Ke4 {[%emt 0:01:52]} h4 {[%emt 0:01:06]} 44. Kf4 {[%emt 0:00:16]} g3 {[%emt 0:00:04]} 45. hxg3 {[%emt 0:00:14]} hxg3 {[%emt 0:00:06]} 0-1

[Event "11th LCC FIDE Open 2019"]
[Site "London"]
[Date "2019.12.01"]
[Round "4.23"]
[White "Pollack, Oscar"]
[Black "Wu, Li"]
[Result "0-1"]
[WhiteElo "2112"]
[BlackElo "2293"]
[Annotator "ChessBase"]
[PlyCount "90"]
[EventDate "2019.11.29"]
[EventType "swiss"]
[EventCountry "ENG"]
[SourceTitle "playchess.com"]
[Source "ChessBase"]
[SourceQuality "1"]
[TimeControl "40/5400+30:1800+30"]

1. e4 {[%emt 0:00:00]} c5 {[%emt 0:00:00]} 2. Nf3 {[%emt 0:00:00]} d6 {[%emt 0:00:00]} 3. d4 {[%emt 0:00:00]} cxd4 {[%emt 0:00:00]} 4. Nxd4 {[%emt 0:00:00]} Nf6 {[%emt 0:00:00]} 5. Nc3 {[%emt 0:00:00]} Nc6 {[%emt 0:00:00]} 6. Bg5 {[%emt 0:01:16]} e6 {[%emt 0:00:06]} 7. Qd2 {[%emt 0:00:14]} a6 {[%emt 0:00:12]} 8. O-O-O {[%emt 0:01:36]} Bd7 {[%emt 0:00:28]} 9. f3 {[%emt 0:03:14]} b5 {[%emt 0:04:54]} 10. Nxc6 {[%emt 0:11:51]} Bxc6 {[%emt 0:00:30]} 11. Qe1 {[%emt 0:13:45]} h6 {[%emt 0:20:05]} 12. Bf4 {[%emt 0:04:03]} Qb8 {[%emt 0:09:12]} 13. Nd5 {[%emt 0:06:12]} Bxd5 {[%emt 0:10:33]} 14. exd5 {[%emt 0:00:01]} e5 {[%emt 0:00:04]} 15. Be3 {[%emt 0:03:34]} Be7 {[%emt 0:02:12]} 16. Qg3 {[%emt 0:01:56]} g6 {[%emt 0:00:57]} 17. Qe1 {[%emt 0:05:12]} Kf8 {[%emt 0:02:51]} 18. h4 {[%emt 0:04:28]} Kg7 {[%emt 0:04:02]} 19. f4 {[%emt 0:02:45]} Nd7 {[%emt 0:14:14]} 20. h5 {[%emt 0:04:01]} Bf6 {[%emt 0:02:39]} 21. hxg6 {[%emt 0:01:24]} fxg6 {[%emt 0:00:02]} 22. fxe5 {[%emt 0:04:18]} Nxe5 {[%emt 0:00:39]} 23. Bd4 {[%emt 0:01:43]} Qc8 {[%emt 0:07:49]} 24. Bxe5 {[%emt 0:01:31]} Bxe5 {[%emt 0:00:03]} 25. Bd3 {[%emt 0:01:36]} Qg4 {[%emt 0:00:30]} 26. Qe4 {[%emt 0:02:15]} Qxe4 {[%emt 0:01:03]} 27. Bxe4 {[%emt 0:00:01]} b4 {[%emt 0:03:54]} 28. Rd3 {[%emt 0:04:13]} a5 {[%emt 0:00:03]} 29. a4 {[%emt 0:01:47]} bxa3 {[%emt 0:00:30]} 30. Rxa3 {[%emt 0:01:59]} Rhb8 {[%emt 0:01:02]} 31. c3 {[%emt 0:00:56]} Rb5 {[%emt 0:01:38]} 32. Kc2 {[%emt 0:05:35]} Rab8 {[%emt 0:02:47]} 33. b3 {[%emt 0:00:13]} Rc5 {[%emt 0:00:57]} 34. c4 {[%emt 0:00:16]} Rf8 {[%emt 0:00:07]} 35. Bf3 {[%emt 0:02:38]} h5 {[%emt 0:00:05]} 36. Re1 {[%emt 0:01:00]} Kh6 {[%emt 0:00:44]} 37. Kd3 {[%emt 0:01:09]} g5 {[%emt 0:05:24]} 38. Rh1 {[%emt 0:03:05]} h4 {[%emt 0:00:02]} 39. Re1 {[%emt 0:00:11]} h3 {[%emt 0:00:11]} 40. Ra2 {[%emt 0:02:51]} h2 {[%emt 0:07:20]} 41. Ke2 {[%emt 0:34:01]} Bg3 {[%emt 0:30:06]} 42. Rh1 {[%emt 0:03:27]} g4 {[%emt 0:00:09]} 43. Ke3 {[%emt 0:00:32]} gxf3 {[%emt 0:00:13]} 44. gxf3 {[%emt 0:00:02]} Re8+ {[%emt 0:00:50]} 45. Kd3 {[%emt 0:00:08]} Kg5 {[%emt 0:00:31]} 0-1

[Event "11th LCC FIDE Open 2019"]
[Site "London"]
[Date "2019.12.01"]
[Round "4.24"]
[White "Van Zyl-Rudd, Jack"]
[Black "Coote, Trevor D"]
[Result "1-0"]
[WhiteElo "2290"]
[BlackElo "2075"]
[Annotator "ChessBase"]
[PlyCount "81"]
[EventDate "2019.11.29"]
[EventType "swiss"]
[EventCountry "ENG"]
[SourceTitle "playchess.com"]
[Source "ChessBase"]
[SourceQuality "1"]
[TimeControl "40/5400+30:1800+30"]

1. e4 {[%emt 0:02:05]} e6 {[%emt 0:00:00]} 2. d4 {[%emt 0:00:10]} d5 {[%emt 0:00:00]} 3. Nc3 {[%emt 0:00:06]} Nf6 {[%emt 0:00:00]} 4. e5 {[%emt 0:00:05]} Nfd7 {[%emt 0:00:00]} 5. f4 {[%emt 0:00:05]} c5 {[%emt 0:00:00]} 6. Nf3 {[%emt 0:00:04]} Nc6 {[%emt 0:00:01]} 7. Be3 {[%emt 0:00:04]} cxd4 {[%emt 0:00:13]} 8. Nxd4 {[%emt 0:00:05]} Bc5 {[%emt 0:00:07]} 9. Qd2 {[%emt 0:00:41]} Nxd4 {[%emt 0:03:52]} 10. Bxd4 {[%emt 0:00:06]} O-O {[%emt 0:00:06]} 11. O-O-O {[%emt 0:00:22]} f6 {[%emt 0:00:32]} 12. exf6 {[%emt 0:09:06]} Bxd4 {[%emt 0:00:27]} 13. Qxd4 {[%emt 0:00:03]} Qxf6 {[%emt 0:00:12]} 14. g3 {[%emt 0:00:05]} Qxd4 {[%emt 0:07:50]} 15. Rxd4 {[%emt 0:00:06]} Nb8 {[%emt 0:00:10]} 16. Bh3 {[%emt 0:04:34]} Nc6 {[%emt 0:06:30]} 17. Rd2 {[%emt 0:02:50]} d4 {[%emt 0:22:09]} 18. Nb5 {[%emt 0:06:14]} e5 {[%emt 0:09:41]} 19. Bxc8 {[%emt 0:00:08]} Raxc8 {[%emt 0:00:12]} 20. fxe5 {[%emt 0:00:07]} Nxe5 {[%emt 0:05:40]} 21. Nxd4 {[%emt 0:00:28]} Rc4 {[%emt 0:07:51]} 22. b3 {[%emt 0:01:52]} Rcc8 {[%emt 0:02:04]} 23. Re1 {[%emt 0:01:04]} Rfe8 {[%emt 0:01:57]} 24. Ree2 {[%emt 0:04:49]} a6 {[%emt 0:03:01]} 25. a4 {[%emt 0:01:26]} Rc5 {[%emt 0:03:59]} 26. Kb2 {[%emt 0:02:23]} b5 {[%emt 0:04:30]} 27. axb5 {[%emt 0:00:33]} axb5 {[%emt 0:00:04]} 28. Nf3 {[%emt 0:04:34]} Kf7 {[%emt 0:02:10]} 29. Nxe5+ {[%emt 0:00:09]} Rcxe5 {[%emt 0:00:50]} 30. Rxe5 {[%emt 0:06:12]} Rxe5 {[%emt 0:00:49]} 31. Kc3 {[%emt 0:01:24]} Ke6 {[%emt 0:01:44]} 32. Kb4 {[%emt 0:00:33]} g5 {[%emt 0:02:05]} 33. c4 {[%emt 0:02:22]} bxc4 {[%emt 0:00:36]} 34. bxc4 {[%emt 0:00:03]} Re1 {[%emt 0:00:25]} 35. c5 {[%emt 0:00:24]} Rb1+ {[%emt 0:00:33]} 36. Ka5 {[%emt 0:00:06]} h5 {[%emt 0:00:15]} 37. c6 {[%emt 0:00:05]} Rc1 {[%emt 0:06:25]} 38. Kb6 {[%emt 0:00:06]} Rb1+ {[%emt 0:00:25]} 39. Ka7 {[%emt 0:00:05]} Ra1+ {[%emt 0:00:36]} 40. Kb8 {[%emt 0:00:05]} Rb1+ {[%emt 0:00:19]} 41. Kc8 {[%emt 0:30:05]} 1-0